[Event "Doeberl Cup"]
[Site "Canberra AUS"]
[Date "2010.04.01"]
[Round "2"]
[White "Boyd, T."]
[Black "Barua, D."]
[Result "0-1"]
[WhiteElo "2279"]
[BlackElo "2473"]
[PlyCount "80"]
[EventDate "2010.04.01"]
[EventType "swiss"]
[EventRounds "9"]
[EventCountry "AUS"]
[Source "Mark Crowther"]
[SourceDate "2010.04.05"]

1. d4 d5 2. c4 e6 3. Nc3 c6 4. Nf3 f5 5. Bf4 Nf6 6. e3 Be7 7. Bd3 O-O 8. O-O
Ne4 9. Bxe4 fxe4 10. Ne5 Nd7 11. f3 exf3 12. Rxf3 Qe8 13. Qe2 Nxe5 14. Bxe5
Rxf3 15. Qxf3 Qg6 16. Rf1 Bd7 17. Qe2 Rf8 18. Rxf8+ Bxf8 19. h3 dxc4 20. Qxc4
b5 21. Qe2 b4 22. Nd1 Qb1 23. b3 Be8 24. Kh2 Bg6 25. Nf2 Qc2 26. Qf3 Qxa2 27.
h4 h6 28. h5 Bb1 29. Qg3 Qe2 30. Ng4 Kh7 31. Qh4 Bf5 32. Nf2 Bc2 33. Ng4 Qf1
34. Nf2 Bxb3 35. Kg3 Qe2 36. Qf4 Kg8 37. e4 Qxh5 38. Nh3 Bc2 39. Kh2 b3 40. g4
Qf7 0-1

[Event "Doeberl Cup"]
[Site "Canberra AUS"]
[Date "2010.04.01"]
[Round "2"]
[White "Macak, S."]
[Black "Hu, J."]
[Result "0-1"]
[WhiteElo "2472"]
[BlackElo "2163"]
[PlyCount "96"]
[EventDate "2010.04.01"]
[EventType "swiss"]
[EventRounds "9"]
[EventCountry "AUS"]
[Source "Mark Crowther"]
[SourceDate "2010.04.05"]

1. e4 c6 2. d4 d5 3. e5 Bf5 4. Be3 e6 5. Nd2 Nd7 6. Nb3 a6 7. f4 Rc8 8. Nf3 h5
9. Be2 Nh6 10. O-O c5 11. dxc5 Ng4 12. Bd2 Nxc5 13. Nbd4 Ne4 14. c3 Bc5 15. h3
Nh6 16. Be1 Qb6 17. Qa4+ Ke7 18. Kh1 f6 19. Bh4 Rc7 20. Rab1 Bh7 21. Rfe1 Nxc3
22. bxc3 Bxb1 23. Nd2 Be4 24. Nxe4 dxe4 25. Bc4 Bxd4 26. cxd4 Qxd4 27. Qa3+ Kf7
28. Bb3 Nf5 29. Rd1 Qc5 30. Qxc5 Rxc5 31. Be1 Rhc8 32. g4 hxg4 33. hxg4 Ne3 34.
Rd7+ Kg6 35. f5+ Nxf5 36. gxf5+ Kxf5 37. Bg3 e3 38. Kg2 Kg6 39. Rxb7 f5 40. Kf3
a5 41. Kxe3 Rc3+ 42. Kf2 f4 43. Bh2 Rd8 44. Bg1 Rd2+ 45. Ke1 Rg2 46. Bf2 Rf3
47. Ba7 Rh3 48. Kf1 f3 0-1

[Event "Doeberl Cup"]
[Site "Canberra AUS"]
[Date "2010.04.01"]
[Round "2"]
[White "Johansen, D."]
[Black "Stojic, D."]
[Result "1-0"]
[WhiteElo "2477"]
[BlackElo "2176"]
[PlyCount "79"]
[EventDate "2010.04.01"]
[EventType "swiss"]
[EventRounds "9"]
[EventCountry "AUS"]
[Source "Mark Crowther"]
[SourceDate "2010.04.05"]

1. d4 Nf6 2. Nf3 g6 3. c4 Bg7 4. Nc3 O-O 5. e4 d6 6. Be2 c5 7. O-O Bg4 8. Be3
Nfd7 9. Rc1 Bxf3 10. Bxf3 Nc6 11. d5 Nd4 12. Be2 e6 13. dxe6 fxe6 14. Bg4 Qe7
15. f4 a6 16. a4 Nb8 17. b4 b6 18. Kh1 Nbc6 19. b5 axb5 20. cxb5 Na5 21. Ne2
Nxe2 22. Bxe2 Kh8 23. Bd2 d5 24. Qc2 c4 25. exd5 exd5 26. Bf3 Qc5 27. Bxa5 bxa5
28. Rfd1 Rad8 29. b6 Rxf4 30. b7 Be5 31. Qe2 Bb8 32. Qe6 d4 33. Rxc4 Qd6 34.
Qxd6 Bxd6 35. Rcxd4 Rxd4 36. Rxd4 Re8 37. g3 Bb8 38. Rd5 Rf8 39. Kg2 Bc7 40.
Rc5 1-0

[Event "Doeberl Cup"]
[Site "Canberra AUS"]
[Date "2010.04.01"]
[Round "2"]
[White "Cheng, Bo"]
[Black "Roy Chowdhury, S."]
[Result "1/2-1/2"]
[WhiteElo "2155"]
[BlackElo "2435"]
[PlyCount "113"]
[EventDate "2010.04.01"]
[EventType "swiss"]
[EventRounds "9"]
[EventCountry "AUS"]
[Source "Mark Crowther"]
[SourceDate "2010.04.05"]

1. d4 Nf6 2. c4 c5 3. d5 e5 4. Nc3 d6 5. e4 Nbd7 6. Bd3 a6 7. a4 Be7 8. Nf3 h5
9. a5 h4 10. Be3 b6 11. axb6 Qxb6 12. Na4 Qc7 13. h3 Nh5 14. Qd2 Rb8 15. O-O
Nf8 16. Rfb1 Rb4 17. Qc2 Ng6 18. Bd2 Rb8 19. b4 cxb4 20. Bxb4 Nhf4 21. Bf1 O-O
22. Ba5 Rxb1 23. Bxc7 Rxa1 24. Nc3 Nxg2 25. Qb2 Rxf1+ 26. Kxf1 N2f4 27. Qb6
Bxh3+ 28. Kg1 Rc8 29. Nd2 Bg5 30. Qxd6 Nd3 31. Nf3 Be7 32. Qxa6 Rxc7 33. d6 Rd7
34. dxe7 Rxe7 35. Nd5 Re8 36. Ng5 Bc8 37. Qb5 Rf8 38. c5 Ndf4 39. c6 f6 40.
Nxf4 Nxf4 41. Qc4+ Kh8 42. Nf7+ Kh7 43. Nd6 Be6 44. Qa6 Rb8 45. c7 Rb1+ 46. Kh2
Rb2 47. c8=Q Rxf2+ 48. Kg1 Bxc8 49. Qxc8 Rg2+ 50. Kh1 Rd2 51. Qf5+ Kg8 52. Qc8+
Kh7 53. Nc4 Rd3 54. Qc6 Rh3+ 55. Kg1 Rg3+ 56. Kh2 Rh3+ 57. Kg1 1/2-1/2

[Event "Doeberl Cup"]
[Site "Canberra AUS"]
[Date "2010.04.01"]
[Round "2"]
[White "Morris, J."]
[Black "Goldenberg, I."]
[Result "0-1"]
[WhiteElo "2127"]
[BlackElo "2404"]
[PlyCount "72"]
[EventDate "2010.04.01"]
[EventType "swiss"]
[EventRounds "9"]
[EventCountry "AUS"]
[Source "Mark Crowther"]
[SourceDate "2010.04.05"]

1. c4 c5 2. b3 Nf6 3. Bb2 e6 4. Nf3 b6 5. g3 Bb7 6. Bg2 Be7 7. O-O d6 8. Nc3 a6
9. d4 cxd4 10. Qxd4 Nbd7 11. Rad1 O-O 12. e4 Qc7 13. Rfe1 Rac8 14. Qd2 Rfe8 15.
Nd4 Bf8 16. f4 g6 17. Kh1 Rcd8 18. f5 Bg7 19. fxe6 fxe6 20. Ndb5 axb5 21. Nxb5
Qb8 22. Nxd6 e5 23. Nxe8 Rxe8 24. b4 Qc7 25. Qd3 Nb8 26. c5 bxc5 27. bxc5 Nc6
28. Qb3+ Kh8 29. Qb6 Qc8 30. Qb3 Ng4 31. Rf1 Nd4 32. Bxd4 exd4 33. Rf4 Ne3 34.
Re1 Ba8 35. Qf7 g5 36. Rf2 Rf8 0-1

[Event "Doeberl Cup"]
[Site "Canberra AUS"]
[Date "2010.04.01"]
[Round "2"]
[White "Smerdon, D."]
[Black "Wei, M."]
[Result "1/2-1/2"]
[WhiteElo "2502"]
[BlackElo "2113"]
[PlyCount "41"]
[EventDate "2010.04.01"]
[EventType "swiss"]
[EventRounds "9"]
[EventCountry "AUS"]
[Source "Mark Crowther"]
[SourceDate "2010.04.05"]

1. e4 c6 2. d4 d5 3. e5 Bf5 4. c4 e6 5. a3 Ne7 6. Nc3 Nd7 7. c5 f6 8. f4 fxe5
9. fxe5 Ng6 10. h4 Be7 11. g3 O-O 12. Be3 b6 13. b4 a5 14. Bg2 axb4 15. axb4
bxc5 16. bxc5 Rxa1 17. Qxa1 Ndxe5 18. dxe5 d4 19. Bd2 dxc3 20. Qxc3 Qb8 21. Ne2
1/2-1/2

[Event "Doeberl Cup"]
[Site "Canberra AUS"]
[Date "2010.04.01"]
[Round "2"]
[White "Schon, E."]
[Black "Xie, G."]
[Result "0-1"]
[WhiteElo "2162"]
[BlackElo "2439"]
[PlyCount "100"]
[EventDate "2010.04.01"]
[EventType "swiss"]
[EventRounds "9"]
[EventCountry "AUS"]
[Source "Mark Crowther"]
[SourceDate "2010.04.05"]

1. e4 c5 2. Nf3 Nc6 3. d4 cxd4 4. Nxd4 Nf6 5. Nc3 e6 6. Ndb5 Bb4 7. a3 Bxc3+ 8.
Nxc3 d5 9. exd5 exd5 10. Bd3 O-O 11. O-O d4 12. Ne2 Bg4 13. f3 Bh5 14. Nf4 Bg6
15. Nxg6 hxg6 16. f4 Ne7 17. f5 Nxf5 18. Bxf5 gxf5 19. Rxf5 Qb6 20. Qd3 Rfe8
21. Bd2 Ne4 22. Raf1 Nxd2 23. Qxd2 d3+ 24. R5f2 Re2 25. Qxd3 Rxf2 26. Rxf2 Qxb2
27. Qb3 Qa1+ 28. Rf1 Qd4+ 29. Kh1 Qd7 30. h3 Rc8 31. Qe3 b6 32. Rf2 Re8 33. Qf4
Rd8 34. g3 Qb7+ 35. Kh2 Rd1 36. Rf1 Rxf1 37. Qxf1 Qe4 38. Qg2 Qa4 39. Qa8+ Kh7
40. Qc8 Qxa3 41. Qf5+ Kg8 42. Qc8+ Qf8 43. Qb7 Qc5 44. Qa8+ Kh7 45. Qe4+ g6 46.
Kg2 a5 47. h4 b5 48. g4 Qc4 49. Kf3 Qxe4+ 50. Kxe4 f6 0-1

[Event "Doeberl Cup"]
[Site "Canberra AUS"]
[Date "2010.04.01"]
[Round "2"]
[White "Solomon, SJ."]
[Black "Stojic, S."]
[Result "1-0"]
[WhiteElo "2430"]
[BlackElo "2016"]
[PlyCount "51"]
[EventDate "2010.04.01"]
[EventType "swiss"]
[EventRounds "9"]
[EventCountry "AUS"]
[Source "Mark Crowther"]
[SourceDate "2010.04.05"]

1. e4 c5 2. Nf3 Nf6 3. e5 Nd5 4. Nc3 e6 5. Nxd5 exd5 6. d4 Nc6 7. dxc5 Bxc5 8.
Qxd5 d6 9. exd6 Qb6 10. Qe4+ Kd8 11. Bg5+ f6 12. O-O-O Re8 13. Qxh7 fxg5 14.
Qxg7 Bd7 15. Bd3 Kc8 16. Bf5 Qd8 17. g4 Bxf2 18. Kb1 Be3 19. h4 gxh4 20. Rxh4
Bxf5 21. gxf5 Rg8 22. Qf7 Rf8 23. Qe6+ Qd7 24. Qxe3 Qxf5 25. Nd4 Nxd4 26. Rhxd4
1-0

[Event "Doeberl Cup"]
[Site "Canberra AUS"]
[Date "2010.04.01"]
[Round "2"]
[White "Lahiri, A."]
[Black "Stevens, T."]
[Result "1-0"]
[WhiteElo "2361"]
[BlackElo "2032"]
[PlyCount "69"]
[EventDate "2010.04.01"]
[EventType "swiss"]
[EventRounds "9"]
[EventCountry "AUS"]
[Source "Mark Crowther"]
[SourceDate "2010.04.05"]

1. d4 d5 2. c4 e6 3. Nc3 c5 4. e3 Nf6 5. Nf3 Nc6 6. a3 a6 7. Bd3 dxc4 8. Bxc4
b5 9. Ba2 Bb7 10. O-O Bd6 11. Qe2 O-O 12. dxc5 Bxc5 13. e4 Qc7 14. e5 Nd7 15.
Bf4 Ne7 16. Rfe1 Ng6 17. Bg3 Bxa3 18. Rac1 Bc5 19. Ne4 Bxe4 20. Qxe4 Qa7 21.
Red1 Be7 22. Nd4 Nc5 23. Qg4 Qb7 24. Bb1 Rac8 25. b4 Na4 26. Be4 Qb6 27. Nc6
Nb2 28. Rd7 Bxb4 29. Bxg6 Rxc6 30. Bxh7+ Kh8 31. Bc2 Rxc2 32. Rxc2 Nc4 33. Bh4
Be1 34. Bf6 gxf6 35. exf6 1-0

[Event "Doeberl Cup"]
[Site "Canberra AUS"]
[Date "2010.04.01"]
[Round "2"]
[White "Yuan, Y2."]
[Black "Scott, R."]
[Result "0-1"]
[WhiteElo "2090"]
[BlackElo "2261"]
[PlyCount "82"]
[EventDate "2010.04.01"]
[EventType "swiss"]
[EventRounds "9"]
[EventCountry "AUS"]
[Source "Mark Crowther"]
[SourceDate "2010.04.05"]

1. e4 d6 2. d4 Nf6 3. Nc3 e5 4. dxe5 dxe5 5. Qxd8+ Kxd8 6. Bg5 Be6 7. O-O-O+
Nbd7 8. f4 exf4 9. Nge2 h6 10. Bxf6+ gxf6 11. Nxf4 Bd6 12. Nxe6+ fxe6 13. g3
Ke7 14. Bg2 Be5 15. Ne2 a5 16. Rd2 Nc5 17. Nf4 Rhg8 18. Nd3 Nxd3+ 19. Rxd3 Ra6
20. Rhd1 Rd6 21. Rb3 b6 22. Rxd6 Bxd6 23. Rb5 Bc5 24. Kd2 Rd8+ 25. Ke2 a4 26.
e5 fxe5 27. b4 Bd4 28. c4 Bc3 29. c5 Rd2+ 30. Kf3 e4+ 31. Kxe4 Rxg2 32. Kd3 Bf6
33. cxb6 cxb6 34. Rxb6 Rxa2 35. Ra6 a3 36. b5 Be5 37. b6 Bd6 38. Ra7+ Kd8 39.
h4 Rb2 40. Ra6 Kc8 41. b7+ Kc7 0-1

[Event "Doeberl Cup"]
[Site "Canberra AUS"]
[Date "2010.04.02"]
[Round "3"]
[White "Li Chao"]
[Black "Johansen, D."]
[Result "1-0"]
[WhiteElo "2320"]
[BlackElo "2477"]
[PlyCount "75"]
[EventDate "2010.04.01"]
[EventType "swiss"]
[EventRounds "9"]
[EventCountry "AUS"]
[Source "Mark Crowther"]
[SourceDate "2010.04.05"]

1. e4 Nc6 2. Nf3 d6 3. d4 Nf6 4. Nc3 Bg4 5. Be3 a6 6. h3 Bh5 7. g4 Bg6 8. d5
Nb8 9. Bd3 Nbd7 10. g5 Ng8 11. Nh4 e5 12. dxe6 fxe6 13. Nxg6 hxg6 14. Qg4 Qe7
15. Bc4 d5 16. exd5 Ne5 17. Qe4 Nxc4 18. Qxc4 O-O-O 19. O-O-O Qb4 20. Qxb4 Bxb4
21. dxe6 Ne7 22. Ne4 Nf5 23. Bc5 Bxc5 24. Nxc5 Rd6 25. Rhe1 a5 26. Nd3 Ne7 27.
Re3 Rf8 28. h4 b6 29. Rh1 Re8 30. Re4 Nd5 31. Rhe1 c5 32. Nf4 Ne7 33. h5 gxh5
34. Nxh5 Rh8 35. Ng3 Rd5 36. Rf4 Rxg5 37. Rf7 Kd8 38. Rd1+ 1-0

[Event "Doeberl Cup"]
[Site "Canberra AUS"]
[Date "2010.04.02"]
[Round "3"]
[White "Panchanathan, M."]
[Black "Goldenberg, I."]
[Result "1-0"]
[WhiteElo "2493"]
[BlackElo "2404"]
[PlyCount "97"]
[EventDate "2010.04.01"]
[EventType "swiss"]
[EventRounds "9"]
[EventCountry "AUS"]
[Source "Mark Crowther"]
[SourceDate "2010.04.05"]

1. e4 c5 2. Nf3 Nc6 3. d4 cxd4 4. Nxd4 Nf6 5. Nc3 d6 6. Bg5 Bd7 7. Qd2 Rc8 8.
O-O-O Nxd4 9. Qxd4 Qa5 10. Bd2 a6 11. f3 g6 12. Kb1 Bg7 13. Nd5 Qa4 14. Qxa4
Bxa4 15. Bd3 Nxd5 16. exd5 O-O 17. Bg5 Rfe8 18. Rhe1 Kf8 19. Re4 Bd7 20. Rde1
e5 21. dxe6 Rxe6 22. Bf4 Ke7 23. Rxe6+ fxe6 24. h4 Bf6 25. Bg3 Bc6 26. Bc4 Bd7
27. Bd5 Rc5 28. c4 b5 29. b4 Rxc4 30. Bxc4 bxc4 31. Bf4 Ba4 32. Bg5 d5 33. Re5
c3 34. Kc1 Kf7 35. Bxf6 Kxf6 36. f4 h6 37. g4 d4 38. Rc5 g5 39. hxg5+ hxg5 40.
fxg5+ Kg6 41. Ra5 Bb5 42. Kc2 Be2 43. a4 Bxg4 44. Kd3 Bd1 45. Rxa6 Kxg5 46.
Kxd4 c2 47. Rc6 c1=Q 48. Rxc1 Bxa4 49. Ke5 1-0

[Event "Doeberl Cup"]
[Site "Canberra AUS"]
[Date "2010.04.02"]
[Round "3"]
[White "Lane, G."]
[Black "Bojkov, D."]
[Result "0-1"]
[WhiteElo "2379"]
[BlackElo "2521"]
[PlyCount "74"]
[EventDate "2010.04.01"]
[EventType "swiss"]
[EventRounds "9"]
[EventCountry "AUS"]
[Source "Mark Crowther"]
[SourceDate "2010.04.05"]

1. e4 e5 2. Nf3 Nc6 3. Bc4 Nf6 4. Ng5 d5 5. exd5 Na5 6. Bb5+ c6 7. dxc6 bxc6 8.
Bd3 Nd5 9. Nf3 Bd6 10. O-O O-O 11. Re1 Re8 12. Nc3 f5 13. Nxd5 cxd5 14. Bb5 Bd7
15. Bxd7 Qxd7 16. d3 Nc6 17. c4 dxc4 18. dxc4 e4 19. Ng5 Re7 20. Be3 h6 21. Nh3
Qc7 22. Nf4 Bxf4 23. Bxf4 Qxf4 24. Qd5+ Kh7 25. Qxc6 Rd8 26. Re2 Rc7 27. Qb5
Qg4 28. Kf1 Rd6 29. h3 Qg5 30. g4 Rf7 31. Qe5 Rd3 32. gxf5 Rxh3 33. Qxe4 Rh4
34. Qg2 Rg4 35. Qh1 Rxf5 36. Rae1 Rh4 37. Qg2 Qh5 0-1

[Event "Doeberl Cup"]
[Site "Canberra AUS"]
[Date "2010.04.02"]
[Round "3"]
[White "Barua, D."]
[Black "Toth, And1"]
[Result "1-0"]
[WhiteElo "2473"]
[BlackElo "2385"]
[PlyCount "51"]
[EventDate "2010.04.01"]
[EventType "swiss"]
[EventRounds "9"]
[EventCountry "AUS"]
[Source "Mark Crowther"]
[SourceDate "2010.04.05"]

1. e4 c5 2. Nf3 Nc6 3. d4 cxd4 4. Nxd4 Qb6 5. Nb3 Nf6 6. Nc3 e6 7. a3 a6 8. Be3
Qc7 9. f4 d6 10. Bd3 b5 11. O-O Be7 12. Qf3 Bb7 13. Qh3 b4 14. axb4 Nxb4 15.
Na5 Bc8 16. Qg3 O-O 17. Nc4 d5 18. exd5 exd5 19. Ne5 Nxd3 20. Nxd3 Bf5 21. Bd4
Bxd3 22. Nxd5 Qxc2 23. Nxe7+ Kh8 24. Rac1 Qb3 25. Rc3 Qe6 26. Qxd3 1-0

[Event "Doeberl Cup"]
[Site "Canberra AUS"]
[Date "2010.04.02"]
[Round "3"]
[White "Hu, J."]
[Black "Zhao Zong Yuan"]
[Result "0-1"]
[WhiteElo "2163"]
[BlackElo "2580"]
[PlyCount "52"]
[EventDate "2010.04.01"]
[EventType "swiss"]
[EventRounds "9"]
[EventCountry "AUS"]
[Source "Mark Crowther"]
[SourceDate "2010.04.05"]

1. c4 Nf6 2. Nc3 c5 3. Nf3 d5 4. cxd5 Nxd5 5. d4 Nxc3 6. bxc3 g6 7. Bf4 Bg7 8.
Bxb8 Rxb8 9. Qa4+ Bd7 10. Qxa7 cxd4 11. cxd4 b5 12. Ne5 Bxe5 13. dxe5 Ra8 14.
Qe3 Be6 15. Qd2 Qc7 16. f4 O-O 17. g3 Qc6 18. Rg1 Qb6 19. Rg2 Rfd8 20. Qb4 Qe3
21. Qb2 b4 22. Qc1 Qe4 23. Rf2 b3 24. e3 Qb4+ 25. Rd2 Rxa2 26. Raxa2 bxa2 0-1

[Event "Doeberl Cup"]
[Site "Canberra AUS"]
[Date "2010.04.02"]
[Round "3"]
[White "Malaniuk, V."]
[Black "Lahiri, A."]
[Result "1-0"]
[WhiteElo "2563"]
[BlackElo "2361"]
[PlyCount "41"]
[EventDate "2010.04.01"]
[EventType "swiss"]
[EventRounds "9"]
[EventCountry "AUS"]
[Source "Mark Crowther"]
[SourceDate "2010.04.05"]

1. d4 Nf6 2. Nf3 g6 3. Nbd2 Bg7 4. e4 d6 5. Bd3 O-O 6. O-O c5 7. c3 cxd4 8.
cxd4 Nc6 9. Re1 Qb6 10. Nc4 Qc7 11. d5 Nb4 12. Bf1 e6 13. Bf4 e5 14. Bd2 Na6
15. b4 Ne8 16. Rc1 Qe7 17. Qb3 Kh8 18. b5 Nc5 19. Qa3 f5 20. exf5 gxf5 21.
Nfxe5 1-0

[Event "Doeberl Cup"]
[Site "Canberra AUS"]
[Date "2010.04.02"]
[Round "3"]
[White "Teichmann, E."]
[Black "Jones, G."]
[Result "1-0"]
[WhiteElo "2327"]
[BlackElo "2554"]
[PlyCount "117"]
[EventDate "2010.04.01"]
[EventType "swiss"]
[EventRounds "9"]
[EventCountry "AUS"]
[Source "Mark Crowther"]
[SourceDate "2010.04.05"]

1. b4 e5 2. Bb2 Bxb4 3. Bxe5 Nf6 4. Nf3 O-O 5. e3 d5 6. Be2 c5 7. O-O Nc6 8.
Bb2 d4 9. Na3 Re8 10. Re1 dxe3 11. fxe3 Ne4 12. Nc4 Na5 13. c3 Nxc4 14. Bxc4
Ba5 15. d3 Nd6 16. Bd5 Be6 17. Qb3 Qc7 18. Bxe6 Rxe6 19. Qd5 Rae8 20. e4 c4 21.
e5 cxd3 22. exd6 Qb6+ 23. Kh1 Rxe1+ 24. Nxe1 Qxb2 25. d7 Rf8 26. Rd1 Qxc3 27.
Nxd3 Bb6 28. Ne5 Qc7 29. Rf1 Qc5 30. Qxc5 Bxc5 31. Rc1 Be7 32. Rc8 f5 33. Nc4
b5 34. Na5 Bf6 35. Nc6 a6 36. Kg1 g6 37. Kf2 Kg7 38. Rxf8 Kxf8 39. Ke3 h5 40.
d8=Q+ Bxd8 41. Nxd8 Ke7 42. Nb7 h4 43. Kd4 Kf6 44. Nc5 a5 45. Nd3 b4 46. Kc4 f4
47. Nxf4 Kf5 48. Nxg6 Kxg6 49. Kb5 Kf5 50. Kxa5 Ke4 51. Kxb4 Ke3 52. a4 Kf2 53.
a5 Kxg2 54. a6 Kxh2 55. a7 h3 56. a8=Q Kg1 57. Qa1+ Kg2 58. Qb2+ Kh1 59. Qf2
1-0

[Event "Doeberl Cup"]
[Site "Canberra AUS"]
[Date "2010.04.02"]
[Round "3"]
[White "Kunte, A."]
[Black "Rej, T."]
[Result "1/2-1/2"]
[WhiteElo "2515"]
[BlackElo "2347"]
[PlyCount "86"]
[EventDate "2010.04.01"]
[EventType "swiss"]
[EventRounds "9"]
[EventCountry "AUS"]
[Source "Mark Crowther"]
[SourceDate "2010.04.05"]

1. d4 Nf6 2. c4 e6 3. Nf3 b6 4. g3 Ba6 5. Nbd2 b5 6. cxb5 Bxb5 7. Bg2 Be7 8.
O-O O-O 9. Re1 d5 10. Ne5 c5 11. dxc5 Bxc5 12. Nb3 Bd6 13. a4 Be8 14. Nd3 Nc6
15. Be3 Rb8 16. Nbc5 Qe7 17. Na6 Rc8 18. Rc1 Bd7 19. Qd2 h6 20. Bc5 Nb8 21.
Bxd6 Qxd6 22. Nac5 Bc6 23. b4 Nbd7 24. Nxd7 Bxd7 25. Nc5 Bc6 26. e4 Qe7 27.
exd5 Rfd8 28. Ne4 Nxd5 29. b5 Bb7 30. Qd4 Nc3 31. Qe3 Bxe4 32. Bxe4 Nxa4 33.
Bc6 Nb6 34. Ra1 Rc7 35. Red1 Rd6 36. Rxd6 Qxd6 37. h4 Nd5 38. Qd3 Qe5 39. Ra4
g6 40. Re4 Qc3 41. Qd1 Qc5 42. Qd2 Kg7 43. Re5 h5 1/2-1/2

[Event "Doeberl Cup"]
[Site "Canberra AUS"]
[Date "2010.04.02"]
[Round "3"]
[White "Xie, G."]
[Black "Cheng, Bo"]
[Result "1-0"]
[WhiteElo "2439"]
[BlackElo "2155"]
[PlyCount "53"]
[EventDate "2010.04.01"]
[EventType "swiss"]
[EventRounds "9"]
[EventCountry "AUS"]
[Source "Mark Crowther"]
[SourceDate "2010.04.05"]

1. e4 c5 2. Nc3 e6 3. Nf3 a6 4. g3 b5 5. d4 cxd4 6. Nxd4 Bb7 7. Bg2 Nf6 8. O-O
b4 9. Na4 Bxe4 10. Bxe4 Nxe4 11. Re1 d5 12. c4 bxc3 13. Nxc3 Nxc3 14. Qh5 Ne4
15. Nxe6 Qb6 16. Nc7+ Qxc7 17. Qxd5 Qc6 18. Rxe4+ Be7 19. Rxe7+ Kxe7 20. Bg5+
f6 21. Re1+ Kf8 22. Qd8+ Kf7 23. Re7+ Kg6 24. Qxh8 Ra7 25. Qxg7+ Kf5 26. g4+
Kxg4 27. Bxf6+ 1-0

[Event "Doeberl Cup"]
[Site "Canberra AUS"]
[Date "2010.04.02"]
[Round "3"]
[White "Roy Chowdhury, S."]
[Black "Garner, D."]
[Result "1-0"]
[WhiteElo "2435"]
[BlackElo "2178"]
[PlyCount "85"]
[EventDate "2010.04.01"]
[EventType "swiss"]
[EventRounds "9"]
[EventCountry "AUS"]
[Source "Mark Crowther"]
[SourceDate "2010.04.05"]

1. e4 c5 2. Nf3 d6 3. Nc3 Nf6 4. d4 cxd4 5. Qxd4 Nc6 6. Bb5 Bd7 7. Bxc6 Bxc6 8.
Bg5 e6 9. O-O-O Be7 10. h4 h6 11. Be3 Qc7 12. Qd3 a6 13. Nd4 b5 14. a3 Ng4 15.
Nxc6 Qxc6 16. Bd4 Ne5 17. Qg3 Bf6 18. f4 Nc4 19. e5 dxe5 20. fxe5 Be7 21. Qxg7
O-O-O 22. Qxf7 Nxb2 23. Qxe7 Nxd1 24. Rxd1 Rd7 25. Qc5 Qxc5 26. Bxc5 Rg8 27.
Bd6 Rf7 28. Rd3 Rxg2 29. Ne4 Rf4 30. Rc3+ Kd8 31. Nc5 Rg1+ 32. Kb2 Rc4 33.
Nxe6+ Ke8 34. Rxc4 bxc4 35. Nf4 Kd7 36. Bc5 Rf1 37. e6+ Kc6 38. e7 Re1 39. Bb4
Re3 40. a4 a5 41. Ba3 Kd7 42. Nd5 Re6 43. e8=Q+ 1-0

[Event "Doeberl Cup"]
[Site "Canberra AUS"]
[Date "2010.04.02"]
[Round "3"]
[White "Ly, Mo"]
[Black "Solomon, SJ."]
[Result "1/2-1/2"]
[WhiteElo "2340"]
[BlackElo "2430"]
[PlyCount "96"]
[EventDate "2010.04.01"]
[EventType "swiss"]
[EventRounds "9"]
[EventCountry "AUS"]
[Source "Mark Crowther"]
[SourceDate "2010.04.05"]

1. e4 e5 2. Nf3 Nc6 3. Bb5 a6 4. Ba4 Nf6 5. O-O Be7 6. Re1 b5 7. Bb3 d6 8. c3
O-O 9. h3 Na5 10. Bc2 c5 11. d4 Qc7 12. Nbd2 cxd4 13. cxd4 Nc6 14. Nb3 a5 15.
d5 Nb4 16. Bb1 a4 17. Nbd2 Bd7 18. a3 Na6 19. Nf1 Rfc8 20. Bd2 Bd8 21. Ng3 Qb7
22. Bc2 b4 23. axb4 Nxb4 24. Bxa4 Bxa4 25. Rxa4 Nd3 26. Rxa8 Rxa8 27. Rf1 Qxb2
28. Qb1 Qxb1 29. Rxb1 g6 30. Be3 Nd7 31. Nd2 N7c5 32. Nb3 Rb8 33. Nd2 Rxb1+ 34.
Nxb1 Bh4 35. Nd2 Bxg3 36. fxg3 f5 37. Bxc5 Nxc5 38. exf5 gxf5 39. Kf2 Kf7 40.
Nc4 Ke7 41. Ne3 Kf6 42. Nc4 Ne4+ 43. Kf3 h5 44. g4 Ng5+ 45. Kf2 Ne4+ 46. Ke3
Nc3 47. Nxd6 Nxd5+ 48. Kf3 hxg4+ 1/2-1/2

[Event "Doeberl Cup"]
[Site "Canberra AUS"]
[Date "2010.04.02"]
[Round "3"]
[White "Scott, R."]
[Black "Smerdon, D."]
[Result "0-1"]
[WhiteElo "2261"]
[BlackElo "2502"]
[PlyCount "74"]
[EventDate "2010.04.01"]
[EventType "swiss"]
[EventRounds "9"]
[EventCountry "AUS"]
[Source "Mark Crowther"]
[SourceDate "2010.04.05"]

1. e4 e6 2. Nf3 d5 3. d3 c5 4. Nbd2 Nc6 5. g3 g6 6. Bg2 Bg7 7. O-O Nge7 8. Re1
b6 9. a3 a5 10. Qe2 h6 11. h4 dxe4 12. Nxe4 O-O 13. a4 Nf5 14. Ned2 Nb4 15. Nc4
Bb7 16. Rd1 Nxc2 17. Qxc2 Bxf3 18. Bxf3 Nd4 19. Qe2 Nxe2+ 20. Bxe2 Rb8 21. Bf4
e5 22. Bd2 Qd5 23. Ne3 Qc6 24. h5 e4 25. dxe4 Qxe4 26. hxg6 fxg6 27. Bc4+ Kh7
28. Bd5 Qe7 29. Kg2 Rbd8 30. Bc3 Bxc3 31. bxc3 Qf6 32. Rd2 Qxc3 33. Rad1 Kg7
34. Rd3 Qb4 35. f3 Qxa4 36. Ng4 Rfe8 37. f4 Qc2+ 0-1

[Event "Doeberl Cup"]
[Site "Canberra AUS"]
[Date "2010.04.02"]
[Round "3"]
[White "Brown, An"]
[Black "Macak, S."]
[Result "1/2-1/2"]
[WhiteElo "2088"]
[BlackElo "2472"]
[PlyCount "88"]
[EventDate "2010.04.01"]
[EventType "swiss"]
[EventRounds "9"]
[EventCountry "AUS"]
[Source "Mark Crowther"]
[SourceDate "2010.04.05"]

1. d4 d6 2. c4 Nf6 3. Nc3 e5 4. e3 Nbd7 5. g3 g6 6. Bg2 Bg7 7. Nge2 O-O 8. b3
Re8 9. O-O c6 10. Ba3 Bf8 11. d5 c5 12. e4 Bg7 13. Bb2 Ng4 14. Qc2 a6 15. a4
Qg5 16. h3 Nh6 17. Rae1 f5 18. Bc1 Qh5 19. f4 Nf6 20. fxe5 dxe5 21. Qd3 fxe4
22. Nxe4 Nxe4 23. Qxe4 Bxh3 24. d6 Rad8 25. Qxb7 Bc8 26. Qd5+ Be6 27. Nf4 exf4
28. Rxe6 Bd4+ 29. Be3 Bxe3+ 30. Rxe3+ Qxd5 31. Bxd5+ Kg7 32. Rxe8 Rxe8 33. Rxf4
Rd8 34. b4 Rxd6 35. bxc5 Rd7 36. c6 Rc7 37. g4 g5 38. Re4 Kf8 39. a5 Re7 40. c5
Rxe4 41. Bxe4 Kg7 42. Bxh7 Kf8 43. Bf5 Ke7 44. Bd7 Nxg4 1/2-1/2

[Event "Doeberl Cup"]
[Site "Canberra AUS"]
[Date "2010.04.02"]
[Round "3"]
[White "Hacche, D."]
[Black "Sharma, Di"]
[Result "0-1"]
[WhiteElo "2152"]
[BlackElo "2376"]
[PlyCount "90"]
[EventDate "2010.04.01"]
[EventType "swiss"]
[EventRounds "9"]
[EventCountry "AUS"]
[Source "Mark Crowther"]
[SourceDate "2010.04.05"]

1. d4 f5 2. g3 Nf6 3. Bg2 d6 4. Nf3 g6 5. c3 Bg7 6. Qb3 Nc6 7. O-O e6 8. Bg5 h6
9. Bc1 O-O 10. c4 Qe8 11. Nc3 g5 12. d5 Nd8 13. Nb5 Qf7 14. dxe6 Nxe6 15. Qc2
Ne4 16. Nd2 a6 17. Na3 N4c5 18. Qd1 Rb8 19. Nc2 b5 20. Rb1 Bb7 21. Bd5 c6 22.
Bg2 Na4 23. Nb4 Qc7 24. cxb5 axb5 25. Nb3 d5 26. e3 Qb6 27. Nc2 c5 28. Qh5 Rbd8
29. Rd1 Bc6 30. Qe2 b4 31. h3 Qa7 32. Qe1 Nb6 33. Nxc5 Nxc5 34. Nxb4 Ba8 35. b3
Ne4 36. Bb2 f4 37. Bd4 f3 38. Bf1 Nxg3 39. Bb5 Bxd4 40. Rxd4 Nf5 41. Rdd1 Qg7
42. Kh1 Kh8 43. Qd2 Nd6 44. Qd4 Qxd4 45. Rxd4 Nxb5 0-1